000 004040000a22001210004500
090 _aAS
_bSeriadas
245 1 0 _aMan-biting sand flies (Díptera: Psychodidae) from Gorgona, and island of the Pacific coast of Colombia
041 0 _aInglés
700 1 _aBaena, Martha L.
_995747
100 1 _aMontoya Lerna, James
_999989
942 _cARTICULO
773 1 _tBiblioteca José Jerónimo Triana
_h11
_q73-78
_d1995
999 _c15765
_d15765